Online katalóg knižníc regiónu Turca

Rok zábavy so Sárou (Record no. 21470)

MARC details
000 -LEADER
fixed length control field 02129nam a2200565 a 4500
001 - CONTROL NUMBER
control field 21470
003 - CONTROL NUMBER IDENTIFIER
control field VRT
005 - DATE AND TIME OF LATEST TRANSACTION
control field 20260302131932.0
008 - FIXED-LENGTH DATA ELEMENTS--GENERAL INFORMATION
fixed length control field 240315s2008 xo a b 000 0 slo
020 ## - INTERNATIONAL STANDARD BOOK NUMBER
International Standard Book Number 9788055117270
Qualifying information (viaz.)
035 ## - SYSTEM CONTROL NUMBER
System control number 4DEFECCB-7147-4E25-879C-4F9DF1A7AAB9
035 ## - SYSTEM CONTROL NUMBER
System control number urn:nbn:sk:snk-amkwgz
035 ## - SYSTEM CONTROL NUMBER
System control number urn:nbn:sk:snk-am00834g
039 #9 - LEVEL OF BIBLIOGRAPHIC CONTROL AND CODING DETAIL [OBSOLETE]
Level of rules in bibliographic description 202408131137
Level of effort used to assign nonsubject heading access points AUTHORITY
Level of effort used to assign subject headings 202408131136
Level of effort used to assign classification AUTHORITY
Level of effort used to assign subject headings 202403151929
Level of effort used to assign classification VLOAD
Level of effort used to assign subject headings 201606101353
Level of effort used to assign classification VLOAD
040 ## - CATALOGING SOURCE
Original cataloging agency SNK
Language of cataloging slo
Transcribing agency SNK
Description conventions AACR2
041 1# - LANGUAGE CODE
Language code of text/sound track or separate title slo
Language code of original fre
044 ## - COUNTRY OF PUBLISHING/PRODUCING ENTITY CODE
MARC country code xo
ISO country code SK
072 #7 - SUBJECT CATEGORY CODE
Subject category code 821-93
Subject category code subdivision Literatúra pre deti a mládež
Source konspekt
080 ## - UNIVERSAL DECIMAL CLASSIFICATION NUMBER
Universal Decimal Classification number "321/324"
Edition identifier 2001
080 ## - UNIVERSAL DECIMAL CLASSIFICATION NUMBER
Universal Decimal Classification number 641/642
Edition identifier 2001
080 ## - UNIVERSAL DECIMAL CLASSIFICATION NUMBER
Universal Decimal Classification number 316.346.32-053.4
Edition identifier 2001
080 ## - UNIVERSAL DECIMAL CLASSIFICATION NUMBER
Universal Decimal Classification number 316.346.32-053.5
Edition identifier 2001
080 ## - UNIVERSAL DECIMAL CLASSIFICATION NUMBER
Universal Decimal Classification number 746
Edition identifier 2001
080 ## - UNIVERSAL DECIMAL CLASSIFICATION NUMBER
Universal Decimal Classification number (0.053.2)
Edition identifier 2001
080 ## - UNIVERSAL DECIMAL CLASSIFICATION NUMBER
Universal Decimal Classification number 398.9
Edition identifier 2001
100 1# - MAIN ENTRY--PERSONAL NAME
Personal name Kay, Sarah
Relationship aut
240 10 - UNIFORM TITLE
Uniform title Une année avec Sarah Kay
Language of a work Slovensky
245 10 - TITLE STATEMENT
Title Rok zábavy so Sárou
Remainder of title učím sa, tvorím, pracujem v záhradke, varím, zabávam sa podľa ročných období-
Statement of responsibility, etc. Sarah Kay ; [z francúzskeho originálu preložila a upravila Ráchel Almanová ; verše prebásnila Nataša Ďurinová]
250 ## - EDITION STATEMENT
Edition statement 1. vyd.
260 ## - PUBLICATION, DISTRIBUTION, ETC.
Place of publication, distribution, etc. Bratislava
Name of publisher, distributor, etc. Ikar
Date of publication, distribution, etc. 2008
300 ## - PHYSICAL DESCRIPTION
Extent [121] s.
Other physical details fareb. ilustr.
Dimensions 27 cm
500 ## - GENERAL NOTE
General note Názov z obalu
650 07 - SUBJECT ADDED ENTRY--TOPICAL TERM
Topical term or geographic name entry element kuchárstvo
Source of heading or term SNKPH
650 07 - SUBJECT ADDED ENTRY--TOPICAL TERM
Topical term or geographic name entry element ročné obdobia
Source of heading or term SNKPH
650 07 - SUBJECT ADDED ENTRY--TOPICAL TERM
Topical term or geographic name entry element ručné práce
Source of heading or term SNKPH
650 07 - SUBJECT ADDED ENTRY--TOPICAL TERM
Topical term or geographic name entry element deti predškolského veku
Source of heading or term SNKPH
650 07 - SUBJECT ADDED ENTRY--TOPICAL TERM
Topical term or geographic name entry element deti školského veku
Source of heading or term SNKPH
650 07 - SUBJECT ADDED ENTRY--TOPICAL TERM
Topical term or geographic name entry element pranostiky
Source of heading or term SNKPH
655 #7 - INDEX TERM--GENRE/FORM
Genre/form data or focus term publikácie pre deti
Source of term SNKPH
700 1# - ADDED ENTRY--PERSONAL NAME
Personal name Almanová, Rachel
Relationship trl
700 1# - ADDED ENTRY--PERSONAL NAME
Personal name Ďurinová, Nataša,
Dates associated with a name 1955-
Relationship trl
942 ## - ADDED ENTRY ELEMENTS (KOHA)
Source of classification or shelving scheme Dewey Decimal Classification
Koha item type Krásna literatúra pre deti
Suppress in OPAC No
949 ## - LOCAL PROCESSING INFORMATION (OCLC)
6 3830001138893
a kurukE5.2/486
b kuruk2021/F1691
o D2021/ALBERTY, Štefan/farnosť Viničné/20.2.2021
949 ## - LOCAL PROCESSING INFORMATION (OCLC)
6 270001000328940
a svkbbC 51252
b svkbbm 692550*
o TL;
949 ## - LOCAL PROCESSING INFORMATION (OCLC)
6 273K0502944
a svkpoC 49231
b svkpo511329
949 ## - LOCAL PROCESSING INFORMATION (OCLC)
6 17A0598975
a snkSB 76642
b snk2008/17211
o 1915/08
s 6100:20140925
949 ## - LOCAL PROCESSING INFORMATION (OCLC)
6 17A0598976
a snkSB 76642 D1
b snk2008/17212
o 1915/08
980 ## - EQUIVALENCE OR CROSS-REFERENCE-SERIES STATEMENT--PERSONAL NAME/TITLE [LOCAL, CANADA]
Personal name 641/642
980 ## - EQUIVALENCE OR CROSS-REFERENCE-SERIES STATEMENT--PERSONAL NAME/TITLE [LOCAL, CANADA]
Personal name 746
Holdings
Stav vyradenia Strata Poškodenie Spôsob nadobudnutia Domovská knižnica Aktuálna knižnica Dátum nadobudnutia Total checkouts Čiarový kód exemplára Date last seen Typ exemplára
      Dar Obecná knižnica Turčianska Štiavnička Obecná knižnica Turčianska Štiavnička 02.03.2026   4738000168 02.03.2026 Krásna literatúra pre deti
Projekt je podporený Slovenskou asociáciou knižníc
Prevádzkuje Turčianska knižnica Martin 2026